000 00627nam a22002297a 4500
003 UA-OsUOA
001 88553
007 ta
008 20121009b un ||||| |||| 00| 0 ukr d
100 _aАндрюшин С.
700 _aКузнецова В.
090 _a330
_bА66
942 _cSA
040 _aUA-OsUOA
_brus
_cUA-OsUOA
_dUA-OsUOA
245 _aИнструменты макропруденциальной политики центральных банков
300 _aС.32-48
955 _a0
041 _arus
080 _a330
773 0 _w88551
650 7 _a330 Економіка взагалі
_2UDC
999 _c374403
_d374403